[Event "Paris-ch"]
[Site "Paris"]
[Date "1993.??.??"]
[Round "8"]
[White "Osman, Mihai"]
[Black "Martine, Jean Christophe"]
[Result "0-1"]
[WhiteElo "2280"]
[BlackElo "2205"]

1.e4 e6 2.Nf3 a6 3.d4 c5 4.Nc3 cxd4 5.Nxd4 Qc7 6.f4 Bb4 7.Bd2 Nf6 8.e5 Bxc3
9.Bxc3 Nd5 10.Bd2 Nc6 11.Nxc6 Qxc6 12.Bd3 b5 13.Qg4 g6 14.a4 Bb7 15.axb5 axb5
16.Rxa8+ Bxa8 17.h4 h5 18.Qg5 Qc5 19.Ke2 Bc6 20.Ra1 Ne7 21.Be3 Qd5 22.Ra7 Nf5
23.Rc7 O-O 24.Bxf5 exf5 25.c3 Qb3 26.Bd4 Qxb2+ 27.Kf1 Qc1+ 28.Kf2 Ra8 29.Ba7 Qd2+
30.Kf1 Qd1+ 31.Kf2 Qd5 32.Qg3 Qa2+ 33.Kg1 Rxa7 34.Rc8+ Kh7 35.c4 Ra8 36.Rxa8 Qxa8
37.cxb5 Bxb5 38.Qb3 Bc6 39.Qxf7+ Kh6 40.Qf6 Qg8 41.Kh2 Kh7 42.Qe7+ Qg7 43.Qd6 Qf7
44.Kg1 Kg7 45.Kf2 Qf8 46.Qd4 Qf7 47.Qd3 Qe6 48.Qa3 Kf7 49.g3 Qd5 50.Ke1 Bb5
51.Qc3 Qc4 52.Qe3 Qe4 53.Kd2 Qxe3+ 54.Kxe3 Ke6 55.Kd4 Bc6 56.Kc4 Ba4 57.Kd4 Ke7
58.Kc5 Bb3 59.Kb4 Be6 60.Kc5 Kd8 61.Kd6 Ke8 62.Kc5 Ke7 63.Kd4 d5 64.exd6+ Kxd6
65.Ke3 Kc5 66.Kd3 Bc4+ 67.Ke3 Kd5 68.Kf3 Kd4 69.Kf2 Ke4 70.Kg2 Ke3 71.Kg1 Kf3
72.Kh2 Bf1 73.Kg1 Bh3 74.Kh2 Bg4  0-1

[Event "RUS-chT"]
[Site "Podolsk"]
[Date "1993.??.??"]
[Round "?"]
[White "Kalegin, Evgenij"]
[Black "Mishra, Neeraj Kumar"]
[Result "1-0"]
[WhiteElo "2355"]
[BlackElo "2365"]

1.e4 c5 2.Nf3 e6 3.Nc3 a6 4.d4 cxd4 5.Nxd4 Nc6 6.g3 Nge7 7.Be3 Nxd4 8.Qxd4 b5
9.Bg2 Nc6 10.Qd1 Qc7 11.O-O d6 12.f4 Be7 13.a4 b4 14.Ne2 O-O 15.Qd2 Rb8 16.b3 Rd8
17.Nd4 Bd7 18.Rac1 Qa5 19.Qf2 Be8 20.Rfd1 Bf6 21.e5 Nxd4 22.exf6 Nc6 23.fxg7 Kxg7
24.g4 Qc7 25.Qh4 Qe7 26.g5 f5 27.c4 Na5 28.Rd3 Bc6 29.Bd4+ e5 30.Re1 Bxg2
31.fxe5 Kg8 32.exd6 Qxd6 33.g6 Rb7 34.gxh7+  1-0

[Event "Polanica Zdroj op"]
[Site "Polanica Zdroj"]
[Date "1993.??.??"]
[Round "8"]
[White "Landa, Konstantin"]
[Black "Jasnikowski, Zbigniew"]
[Result "1/2-1/2"]
[WhiteElo "2455"]
[BlackElo "2450"]

1.e4 c5 2.Nf3 e6 3.Nc3 a6 4.d4 cxd4 5.Nxd4 d6 6.Be2 Nf6 7.O-O Be7 8.f4 Qc7
9.Bf3 O-O 10.Be3 Nc6 11.Nxc6 bxc6 12.Na4 Nd7 13.c4 c5 14.Qc2 Bb7 15.b3 Rad8
16.Rad1 Bc6 17.Nc3 Bb7 18.Qd2 Nb8 19.Kh1 Rfe8 20.g4 Bf6 21.Ne2 g6 22.g5 Bg7
23.Bg2 Nd7 24.Qe1 f6 25.h4 Rf8 26.Qg3 f5 27.exf5 Rxf5 28.Rfe1 d5 29.cxd5 exd5
30.Qg4 d4 31.Bc1 Re8 32.Kg1 Rf7 33.h5 c4 34.bxc4 Bxg2 35.Kxg2 Qxc4 36.Rd2 Qd5+
37.Qf3 Qxf3+ 38.Kxf3  1/2-1/2

[Event "RL-chB"]
[Site "Polch"]
[Date "1993.??.??"]
[Round "?"]
[White "Peiter, Andre"]
[Black "Bilitza, Alwin"]
[Result "0-1"]
[WhiteElo "1975"]
[BlackElo "1855"]

1.e4 c5 2.Nf3 e6 3.d4 cxd4 4.Nxd4 a6 5.Nc3 Qc7 6.Bd3 Nc6 7.Nde2 Nf6 8.Bg5 Be7
9.O-O Ne5 10.Kh1 d6 11.h3 Bd7 12.f4 Nxd3 13.cxd3 Bc6 14.Rc1 Qb6 15.Qd2 h6
16.Bxf6 Bxf6 17.d4 O-O 18.d5 exd5 19.Nxd5 Bxd5 20.exd5 Rac8 21.b3 Rfe8 22.Ng3 Rxc1
23.Rxc1 g6 24.Qc2 Qe3 25.Kh2 Bh4 26.Nf1 Qxf4+ 27.Kh1 Bf6 28.Nh2 Bd4 29.Qc7 Bb6
30.Qc3 Ba5 31.Qc2 Qe4 32.Qb2 Qxd5 33.Ng4 Bd8 34.Nxh6+ Kh7 35.Ng4 Qg5 36.Rf1 f5
37.Nh2 Bf6 38.Qc2 Be5 39.Nf3 Qf6 40.Qd2 Kg7 41.Rc1 Re7 42.Rc8 Qe6 43.Qc2 Bf6
44.Rc7 d5 45.Rxe7+ Qxe7 46.Qc8 a5 47.Qa8 Bc3 48.h4 d4 49.Qc8 Bb4 50.Qc4 Bc3
51.Kh2 Qd6+ 52.Kh3 Bb2 53.Ng5 Qd7 54.Qc5 d3  0-1

[Event "Policka"]
[Site "Policka"]
[Date "1993.??.??"]
[Round "3"]
[White "Apel, Stefan"]
[Black "Bashkov, Viacheslav"]
[Result "1-0"]
[WhiteElo "2250"]
[BlackElo "2430"]

1.e4 c5 2.Nc3 e6 3.Nf3 a6 4.d4 cxd4 5.Nxd4 Nc6 6.Nxc6 bxc6 7.Bd3 d5 8.O-O Nf6
9.f4 Be7 10.Kh1 c5 11.f5 c4 12.fxe6 cxd3 13.exf7+ Kf8 14.e5 Ng4 15.Qxd3 Nxe5
16.Qd4 Nxf7 17.Bh6 Rg8 18.Qf4 Be6 19.Rae1 Qd7 20.Na4 Rd8 21.Bg5 Bxg5 22.Qxg5 Re8
23.Nc5 Qd6 24.Qe3 Bd7 25.Qf4 Qe7 26.Qxf7+  1-0

[Event "POR-chB"]
[Site "?"]
[Date "1993.??.??"]
[Round "8"]
[White "Ribeiro, Fernando"]
[Black "Amaral, Nuno"]
[Result "1-0"]
[WhiteElo "2180"]
[BlackElo "2245"]

1.e4 c5 2.Nc3 e6 3.Nf3 a6 4.d4 cxd4 5.Nxd4 Qc7 6.g3 Nc6 7.Bg2 b5 8.O-O Bb7
9.Nxc6 Qxc6 10.Re1 Rc8 11.Re2 Nf6 12.Nd5 Nxd5 13.exd5 Qb6 14.a4 Bc5 15.a5 Qa7
16.c3 Qa8 17.Re5 Be7 18.Qh5 g6 19.Qh6 Bf6 20.Bf4 d6 21.Ree1 Bxd5 22.Bxd5 Qxd5
23.Rad1 Qb3 24.Bxd6 Qxb2 25.Bb4 Qc2 26.Qf4 Be7 27.Qd4 Bxb4 28.Qxh8+ Bf8 29.Qd4  1-0

[Event "Prague"]
[Site "Prague"]
[Date "1993.??.??"]
[Round "2"]
[White "Jansa, Vlastimil"]
[Black "Kveinys, Aloyzas"]
[Result "0-1"]
[WhiteElo "2500"]
[BlackElo "2535"]

1.e4 c5 2.Nf3 e6 3.Nc3 a6 4.d4 cxd4 5.Nxd4 Qc7 6.Bd3 Nf6 7.O-O Nc6 8.Be3 Ne5
9.Nf3 Bd6 10.Nxe5 Bxe5 11.f4 Bxc3 12.bxc3 Qxc3 13.e5 Nd5 14.Bd2 Qc5+ 15.Kh1 b5
16.f5 Bb7 17.fxe6 dxe6 18.Qg4 h5 19.Qxg7 O-O-O 20.Qxf7 Rhg8 21.Rf2 Nc7 22.Raf1 h4
23.h3 Rg3 24.Kh2 Rdg8 25.Rg1 Qd5 26.Bf1 Qxa2 27.Bb4 Qd5 28.Bd6 Ne8 29.Qf4 Nxd6
30.exd6 Qg5 31.Qxg5 R3xg5 32.Rf4 Rf5 33.Rxf5 exf5 34.g3 Kd7 35.gxh4 Rxg1
36.Kxg1 Kxd6 37.Kf2 Ke6 38.h5 Kf6 39.h4 f4 40.Bd3 Kg7 41.Ke2 Bd5 42.Kd2 Kh6
43.Bg6 Bc4 44.Be4 Kxh5  0-1

[Event "CRO-Cup"]
[Site "Pula"]
[Date "1993.??.??"]
[Round "1"]
[White "Loncar, Robert"]
[Black "Palac, Mladen"]
[Result "1/2-1/2"]
[WhiteElo "2455"]
[BlackElo "2485"]

1.e4 c5 2.Nf3 e6 3.Nc3 a6 4.d4 cxd4 5.Nxd4 Qc7 6.f4 b5 7.Bd3 Bb7 8.Qf3 Nc6
9.Nb3 Nf6 10.Bd2 b4 11.Ne2 a5 12.Be3 d5 13.Nd2 dxe4 14.Nxe4 Nxe4 15.Qxe4 g6
16.Bd4 Nxd4 17.Qxd4 Rg8 18.Bb5+ Ke7 19.O-O-O Rc8 20.Qd7+ Kf6 21.Qd4+ Ke7
22.Qd7+ Kf6  1/2-1/2

[Event "CRO-Cup"]
[Site "Pula"]
[Date "1993.??.??"]
[Round "2"]
[White "Tolnai, Tibor"]
[Black "Fercec, Nenad"]
[Result "0-1"]
[WhiteElo "2500"]
[BlackElo "2385"]

1.e4 c5 2.Nf3 e6 3.d4 cxd4 4.Nxd4 a6 5.Nc3 Qc7 6.f4 b5 7.Bd3 Bb7 8.Qf3 Nf6
9.Be3 Nc6 10.g4 h5 11.g5 Ng4 12.Nxc6 Nxe3 13.Qxe3 Qxc6 14.O-O-O Bc5 15.Qh3 b4
16.Ne2 O-O-O 17.Kb1 d5 18.e5 g6 19.c3 Kb8 20.cxb4 Bxb4 21.a3 Bc5 22.Nc3 Bxa3
23.Rhf1 Qb6 24.Rd2 Rc8 25.Rc1 Rc7 26.Ne2 Rxc1+ 27.Nxc1 d4 28.Qf1 Rc8 29.Qe2 Bb4
30.Rc2 Rxc2 31.Qxc2 a5 32.Be4 Bxe4 33.Qxe4 Bd2 34.Nd3 Be3 35.Qg2 a4 36.f5 Qb5
37.Qc2 gxf5 38.Nc5 a3 39.b3 f4 40.Ka2 f3 41.g6 fxg6 42.Nd3 g5 43.b4 f2 44.Qd1 g4
45.Kxa3 Bd2 46.Nxf2 Bxb4+ 47.Ka2 Qxe5 48.Nd3 Qxh2+ 49.Kb3 Qd2 50.Qb1 Qc3+
51.Ka4 Qc6+ 52.Kb3 Bd6 53.Ka2+ Kc7  0-1

[Event "CRO-Cup"]
[Site "Pula"]
[Date "1993.??.??"]
[Round "8"]
[White "Fercec, Nenad"]
[Black "Lamza, Nenad"]
[Result "0-1"]
[WhiteElo "2385"]
[BlackElo "2290"]

1.e4 c5 2.Nf3 e6 3.d4 cxd4 4.Nxd4 a6 5.Nc3 Qc7 6.Be2 Nf6 7.O-O Nc6 8.Be3 Bb4
9.f4 Bxc3 10.bxc3 Nxe4 11.Bd3 Nxc3 12.Qg4 Nd5 13.Qxg7 Rf8 14.Bf2 Nxd4 15.Bxd4 d6
16.c4 Ne7 17.Bxh7 Bd7 18.Bf6 Qc5+ 19.Kh1 Bc6 20.f5 Nxf5 21.Bxf5 exf5 22.Rae1+ Be4
23.Rxe4+ fxe4 24.Qg4 Qxc4 25.Re1 d5 26.Qf4 Rc8 27.Qd6 Qc5 28.Qe5+ Kd7 29.Rd1 Qd6
30.Qf5+ Qe6 31.Qf4 Rc6 32.Bd4 f6 33.Rb1 Kc8 34.Ba7 Qd6 35.Qf5+ Kc7 36.Qh7+ Kd8
37.Qxb7 Qc7 38.Qb4 Rc1+ 39.Bg1 Rxb1 40.Qxf8+ Kd7 41.Qf7+ Kc8 42.Qxd5 Qe5
43.Qg8+ Kd7 44.Qf7+ Kd6 45.Qf8+ Qe7 46.Qa8 Ke5 47.Qc6 Qd6 48.Qe8+ Qe6 49.Qh5+ f5
50.Qh8+ Kd5 51.Qd4+ Kc6 52.Qc5+ Kd7 53.Qd4+ Qd6 54.Qc4 Ke7 55.Qc3 Kf7 56.Qc4+ Qe6
57.Qc7+ Qe7 58.Qc2 Qb4 59.Qf2 Ke6 60.h3 Qe1 61.Qc5 Qc1 62.Qa7 e3 63.Qxa6+ Kf7
64.Qa7+ Kg6 65.Qa6+ Kh5 66.g4+ Kh4  0-1

[Event "Reykjavik op"]
[Site "Reykjavik"]
[Date "1993.??.??"]
[Round "3"]
[White "Jonsson, Bjorgvin"]
[Black "Stangl, Markus"]
[Result "0-1"]
[WhiteElo "2400"]
[BlackElo "2505"]

1.e4 c5 2.Nf3 e6 3.d4 cxd4 4.Nxd4 a6 5.Nc3 d6 6.Be3 b5 7.a4 b4 8.Na2 Nf6
9.f3 Bb7 10.Qd2 d5 11.e5 Nfd7 12.f4 Nc5 13.Bd3 a5 14.O-O g6 15.Nc1 Nbd7 16.Ncb3 Ne4
17.Bxe4 dxe4 18.Nb5 Bd5 19.Qf2 Be7 20.Rad1 O-O 21.f5 gxf5 22.Bh6 Nxe5 23.Bxf8 Bxf8
24.Qg3+ Bg7 25.N3d4 Qb6 26.Kh1 Rd8 27.b3 Rd7 28.h3 Ng6 29.Ne2 Be5 30.Qg5 Qc5
31.Nbd4 Qf8 32.c4 bxc3 33.Nxc3 Qc5 34.Nce2 f4 35.Rxf4 Bxf4 36.Nxf4 Qe7 37.Qh6 Qf6
38.Nh5 Qe5 39.Rc1 Bb7 40.Nb5 e3 41.Na3 e2  0-1

[Event "ISD-FRA"]
[Site "Reykjavik"]
[Date "1993.??.??"]
[Round "10"]
[White "Marciano, David"]
[Black "Hjartarson, Johann"]
[Result "1/2-1/2"]
[WhiteElo "2430"]
[BlackElo "2625"]

1.e4 c5 2.Nf3 e6 3.d4 cxd4 4.Nxd4 a6 5.Nc3 Qc7 6.Bd3 Nc6 7.Be3 Nf6 8.O-O Bd6
9.Kh1 h5 10.Nxc6 dxc6 11.f4 Ng4 12.Qe2 e5 13.f5 Qe7 14.Na4 b5 15.Nb6 Rb8
16.Nxc8 Rxc8 17.a4 Bc5 18.Bxc5 Qxc5 19.g3 Ke7 20.h3 Nf6 21.Qf2 Qxf2 22.Rxf2 Rhd8
23.Kg2 c5 24.axb5 c4 25.Bf1 axb5 26.Ra7+ Kf8 27.c3 Ra8 28.Rxa8 Rxa8 29.Rd2 Ke7
30.Be2 Ra1 31.Kf3 Rb1 32.h4 g6 33.fxg6 fxg6 34.Bd1 Nd7 35.Ke3 Nf6 36.Kf3 Ng4
37.Ke2 Ke6 38.Kf3 Ra1 39.Rd8 Ra2 40.Rd2 Ke7 41.Be2 Ra8 42.Kg2 Nf6 43.Kf3 Rf8
44.Ke3 Ke6 45.b3 Ng4+ 46.Bxg4+ hxg4 47.bxc4 Rf3+ 48.Ke2 bxc4 49.Ra2 Rxc3
50.Ra6+ Kd7 51.Rxg6 Rxg3 52.h5 Rg2+ 53.Kd1 Rh2 54.Rxg4 Rxh5 55.Rg6 Rh4 56.Kd2 Rxe4
57.Kc3 Rf4 58.Rh6 Rg4 59.Ra6 Re4 60.Rg6 Rf4 61.Rh6 Rd4 62.Rg6 Ke7 63.Rh6 Kf7
64.Rc6 Rd1 65.Kc2 Rd7 66.Kc3 Rd4 67.Rh6 Rf4 68.Rc6 Rd4 69.Rh6 Rg4 70.Rc6 Rg6
71.Rc5 Re6 72.Kxc4 e4 73.Kd4 e3 74.Rc1  1/2-1/2

[Event "Rishon Le Ziyyon"]
[Site "Rishon Le Ziyyon"]
[Date "1993.??.??"]
[Round "7"]
[White "Liss, Eran"]
[Black "Smyslov, Vassily"]
[Result "1/2-1/2"]
[WhiteElo "2405"]
[BlackElo "2520"]

1.e4 c5 2.Nf3 e6 3.d4 cxd4 4.Nxd4 a6 5.Nc3 Qc7 6.Be2 b5 7.O-O Bb7 8.Bf3 d6
9.a4 bxa4 10.Rxa4 Nd7 11.Be2 Ngf6 12.Rc4 Qb8 13.Nc6 Bxc6 14.Rxc6 Qb7 15.Rc4 Be7
16.b3 O-O 17.Ba3 Ne5 18.Ra4 Rfd8 19.Qa1 Nc6 20.Nd1 a5 21.Bb2 Ne8 22.Ne3 Bf6
23.Nc4 Bxb2 24.Qxb2 Nf6 25.e5 dxe5 26.Nxe5 Nxe5 27.Qxe5 Qb6 28.Qb5 Qc7 29.Rc4 Qa7
30.Bd3 Rd5 31.Qc6 g6 32.Ra1 Kg7 33.Qc7 Qxc7 34.Rxc7 Rd4 35.Rc4 Rxc4 36.Bxc4 Nd7
37.Bb5 Nb6 38.Kf1 Kf6 39.c4 Ke7 40.Bc6 Rc8 41.Bb5 Ra8 42.Ke2 Kd6 43.Kd3 Kc5
44.Kc3 Nd5+ 45.cxd5 Kxb5 46.dxe6 fxe6 47.Re1 Rc8+ 48.Kb2 Rd8 49.Ka3 Rd6 50.g3 Kc5
51.Re2 Rd1 52.Rxe6 Ra1+ 53.Kb2 Rf1 54.Rf6 Kd4 55.Kc2 g5 56.Rf5 h6 57.h3 Ke4
58.g4 Rh1 59.Rxa5 Rxh3 60.Rf5 Kd4 61.Kb2 Rh1 62.Ka3 Ra1+ 63.Kb4 Ra8 64.Rf6 Rb8+
65.Ka3 Rh8 66.b4 Kc4 67.Rc6+ Kb5 68.Rc5+ Kb6 69.Rf5 h5 70.Rxg5 h4 71.Re5 h3
72.Re1 Kb5 73.Rh1 Kc4 74.g5 Ra8+ 75.Kb2 Rf8 76.Rh2 Kxb4 77.Kc2 Kc4 78.Kd2 Kd4
79.Ke2 Rf5 80.Rxh3 Rxg5  1/2-1/2

[Event "Rostov op"]
[Site "Rostov"]
[Date "1993.??.??"]
[Round "?"]
[White "Poluljahov, Aleksandr"]
[Black "Tregubov, Pavel V"]
[Result "1-0"]
[WhiteElo "2515"]
[BlackElo "2445"]

1.e4 c5 2.Nf3 e6 3.d4 cxd4 4.Nxd4 a6 5.Nc3 Qc7 6.Be2 Nc6 7.O-O Nf6 8.Be3 Bb4
9.Na4 O-O 10.Nxc6 bxc6 11.Nb6 Rb8 12.Nxc8 Rfxc8 13.Bxa6 Rf8 14.Bd3 Bd6 15.g3 Rxb2
16.Bd4 Rb4 17.Bxf6 gxf6 18.Qg4+ Kh8 19.Qh4 Be5 20.Rad1 c5 21.f4 Bd4+ 22.Kg2 Qc6
23.Kh3 c4 24.e5  1-0

[Event "Seefeld op"]
[Site "Seefeld"]
[Date "1993.??.??"]
[Round "5"]
[White "Hechenleitner, Rudolf"]
[Black "Krmelj, Natasa"]
[Result "0-1"]
[WhiteElo "1650"]
[BlackElo "2045"]

1.e4 c5 2.Nf3 e6 3.d4 cxd4 4.Nxd4 a6 5.Nc3 Qc7 6.f4 Bb4 7.Ne2 Nf6 8.Bd2 d6
9.a3 Ba5 10.h3 b5 11.Be3 Nxe4 12.Qd3 Nxc3 13.Nxc3 Bxc3+ 14.bxc3 Bb7 15.O-O-O d5
16.Be2 Nd7 17.Qd4 O-O 18.Rhg1 Rfc8 19.Kb2 Bc6 20.Bd3 h5 21.Kc1 Rab8 22.g4 f6
23.Bd2 e5 24.fxe5 fxe5 25.Qf2 Rf8 26.Bf5 Qd6  0-1

[Event "Seefeld op"]
[Site "Seefeld"]
[Date "1993.??.??"]
[Round "7"]
[White "Pilz, Dieter"]
[Black "Gerhold, Michael"]
[Result "1/2-1/2"]
[WhiteElo "2250"]
[BlackElo "2230"]

1.e4 c5 2.Nf3 e6 3.Nc3 a6 4.d4 cxd4 5.Nxd4 Qc7 6.g3 Nf6 7.Bg2 Be7 8.O-O d6
9.Kh1 O-O 10.f4 Nc6 11.f5 Bd7 12.Bg5 Rac8 13.Bh3 Nxd4 14.Qxd4 h6 15.Be3 e5
16.Qd2 Bc6 17.Bg2 b5 18.Rac1 Qb7 19.Nd5 Bxd5 20.exd5 Kh7 21.c3 Bd8  1/2-1/2

[Event "St Martin op"]
[Site "St Martin"]
[Date "1993.??.??"]
[Round "2"]
[White "Porubszki, Georg"]
[Black "Gurevich, Ilya"]
[Result "0-1"]
[WhiteElo "2135"]
[BlackElo "2515"]

1.e4 c5 2.Nf3 e6 3.d4 cxd4 4.Nxd4 a6 5.Nc3 Qc7 6.g3 Bb4 7.Bd2 Nf6 8.Bg2 Be7
9.O-O O-O 10.h3 Nc6 11.Be3 Ne5 12.Nde2 d6 13.a4 Rb8 14.Ba7 Ra8 15.Be3 b6
16.g4 Bb7 17.Bd4 Rfd8 18.f4 Nc6 19.Be3 d5 20.exd5 Nb4 21.Qc1 Nfxd5 22.Nxd5 Bxd5
23.Bxd5 Nxd5 24.Bd4 Qc4 25.Rf2 b5 26.b3 Qc6 27.Qb2 Nf6 28.Kh2 Rac8 29.c3 Ne4
30.Rff1 Bd6 31.axb5 axb5 32.Rac1 Ng5 33.Kg3 f6 34.c4 bxc4 35.Rxc4 Qe4 36.Rc3 Rxc3+
37.Qxc3 Qxe2 38.Re1 Ne4+  0-1

[Event "St Martin op"]
[Site "St Martin"]
[Date "1993.??.??"]
[Round "9"]
[White "Henao, Raul Fernando"]
[Black "Friedman, Aviv"]
[Result "1-0"]
[WhiteElo "2405"]
[BlackElo "2325"]

1.e4 c5 2.Nf3 e6 3.d4 cxd4 4.Nxd4 a6 5.Nc3 b5 6.Bd3 Qc7 7.O-O Nf6 8.Kh1 Bb7
9.Qe2 Bc5 10.Nb3 Be7 11.f4 b4 12.Nd1 d5 13.e5 Nfd7 14.Rf3 Nc6 15.Bd2 a5 16.c3 bxc3
17.Nxc3 a4 18.Nb5 Qd8 19.N3d4 Nxd4 20.Nxd4 g6 21.Rh3 Rc8 22.f5 gxf5 23.Nxe6 Qb6
24.Ng7+ Kd8 25.Bxf5 Ba6 26.Qe1 Rc5 27.Rh6  1-0

[Event "St Petersburg op"]
[Site "St Petersburg"]
[Date "1993.??.??"]
[Round "?"]
[White "Tiviakov, Sergei"]
[Black "Tregubov, Pavel V"]
[Result "1-0"]
[WhiteElo "2635"]
[BlackElo "2475"]

1.e4 c5 2.Nf3 e6 3.d4 cxd4 4.Nxd4 a6 5.Nc3 Qc7 6.Bd3 b5 7.O-O Bb7 8.Re1 Bd6
9.Nf3 Bc5 10.e5 f5 11.Ng5 Ne7 12.Qh5+ g6 13.Qh6 Nbc6 14.Bf4 Nb4 15.a3 Qc6
16.Nf3 Nbd5 17.Nxd5 Nxd5 18.Bg5 Bf8 19.Qh3 Bg7 20.Bh6 O-O 21.Nd4 Qc5 22.c3 Rae8
23.Bf1 Nb6 24.Rad1 Rf7 25.Bxg7 Kxg7 26.Qe3 Qc7 27.h4 Nd5 28.Qg3 Kh8 29.Bxb5 axb5
30.Nxb5 Qc6 31.Nd6 Ref8 32.c4 Ne7 33.Qf3 Ba8 34.Qxc6 Nxc6 35.Nxf7+ Rxf7 36.b4 Kg7
37.Rd6 Bb7 38.f4 Kf8 39.Kf2 Ke7 40.Ke3 Kd8 41.g3 Kc7 42.Kd2 h6 43.b5 Ne7
44.Kc3 Nc8 45.Rd4 g5 46.hxg5 hxg5 47.fxg5 Rg7 48.Red1 Nb6 49.Kb4 Rxg5 50.a4 Rxg3
51.a5 Nc8 52.Rxd7+ Kb8 53.a6 Be4 54.Kc5 Ra3 55.Rf7  1-0

[Event "St Petersburg op"]
[Site "St Petersburg"]
[Date "1993.??.??"]
[Round "?"]
[White "Kalegin, Evgenij"]
[Black "Poluljahov, Aleksandr"]
[Result "1/2-1/2"]
[WhiteElo "2445"]
[BlackElo "2505"]

1.e4 c5 2.Nf3 e6 3.Nc3 a6 4.d4 cxd4 5.Nxd4 d6 6.Be2 Nf6 7.O-O Bd7 8.f4 Nc6
9.Be3 Nxd4 10.Bxd4 Bc6 11.Bf3 Be7 12.e5 dxe5 13.Bxc6+ bxc6 14.fxe5 c5 15.Bf2 Qxd1
16.Raxd1 Ng4 17.Rfe1 Rb8 18.Na4 c4 19.Re4 Nxf2 20.Kxf2 Rb4 21.b3 cxb3 22.Rxb4 Bxb4
23.axb3 Ke7 24.Kf3 Rc8 25.c3  1/2-1/2

[Event "St Petersburg zt"]
[Site "St Petersburg"]
[Date "1993.??.??"]
[Round "8"]
[White "Dvoirys, Semen I"]
[Black "Vyzmanavin, Alexey"]
[Result "1-0"]
[WhiteElo "2565"]
[BlackElo "2620"]

1.e4 c5 2.Nf3 e6 3.d4 cxd4 4.Nxd4 a6 5.Nc3 Qc7 6.f4 b5 7.Bd3 Bb7 8.Qe2 Nf6
9.e5 Nd5 10.Nxd5 Bxd5 11.O-O g6 12.a4 b4 13.Be3 Be7 14.Nf3 O-O 15.Nd2 f5
16.Nc4 Bxc4 17.Bxc4 Bc5 18.b3 g5 19.g3 Rf7 20.Bxc5 Qxc5+ 21.Qf2 Qc7 22.Rad1 Nc6
23.Be2 Rg7 24.Kh1 Ne7 25.Bf3 Rc8 26.Qd4 gxf4 27.gxf4 Ng6 28.Qxb4 Qxc2 29.Qb7 d5
30.Qxa6 Nxf4 31.Rd4 Nh3 32.Rd2 Qc1 33.Bg2 Rc6 34.Bxh3 Qc3 35.Qd3 Qxe5 36.Re2 Qf6
37.Bxf5 exf5 38.Qxd5+ Rf7 39.Re8+ Kg7 40.Rg1+ Kh6 41.Qg2  1-0

[Event "Stockerau op"]
[Site "Stockerau"]
[Date "1993.??.??"]
[Round "4"]
[White "Kacheishvili, Giorgi"]
[Black "Jurkovic, Hrvoje"]
[Result "1/2-1/2"]
[WhiteElo "2395"]
[BlackElo "2240"]

1.e4 c5 2.Nf3 e6 3.d4 cxd4 4.Nxd4 a6 5.Nc3 Qc7 6.Be2 Nc6 7.O-O Nf6 8.Be3 Be7
9.f4 d6 10.a4 O-O 11.Kh1 Bd7 12.Qe1 Nxd4 13.Bxd4 Bc6 14.Qg3 Rac8 15.Bd3 e5
16.fxe5 Nh5 17.Qh3 dxe5 18.Bxe5 Qxe5 19.Rf5 Qe6 20.Rxh5 Qxh3 21.Rxh3 h6 22.e5 Bc5
23.Ne4 Bd4 24.Nd6 Rc7 25.Re1 Bxb2 26.Bc4 Bxa4 27.Rf3 Bc6 28.Rd3 Kh7 29.Ba2 Re7
30.Nc4 Rc8 31.Bb3 Bb5 32.Nxb2 Bxd3 33.Nxd3 b5 34.Ra1 Ra8 35.Ra5 Kg6 36.Kg1 Kf5
37.Kf2 Ke4 38.Ke2 Kd4 39.Kf3 Rc7 40.Kf4 Kc3 41.Ra3 Kd2 42.Nb4 a5 43.Nd5 Rc5
44.c4 bxc4 45.Ra2+ Kd3 46.Bc2+ Kd4 47.Be4 Rxd5 48.Rd2+ Kc3 49.Rxd5 Ra7 50.Rd1 a4
51.Rc1+ Kd4 52.Bb1 c3 53.Rd1+ Kc4 54.Bd3+ Kc5 55.Bb1  1/2-1/2

[Event "Stockerau op"]
[Site "Stockerau"]
[Date "1993.??.??"]
[Round "9"]
[White "Edzgveradze, Natalia"]
[Black "Jurkovic, Hrvoje"]
[Result "0-1"]
[WhiteElo "2125"]
[BlackElo "2240"]

1.e4 c5 2.Nf3 e6 3.d4 cxd4 4.Nxd4 a6 5.Nc3 Qc7 6.Be2 Nc6 7.O-O Nf6 8.Be3 Be7
9.f4 d6 10.a4 O-O 11.Kh1 Re8 12.Qe1 Nxd4 13.Bxd4 e5 14.fxe5 dxe5 15.Qg3 Bd8
16.Be3 Be6 17.Rf2 Kh8 18.Raf1 Bc4 19.Bg5 Be6 20.Qh4 Ng8 21.Bxd8 Raxd8 22.Bd3 Rd4
23.Rf3 f6 24.Qh5 Qf7 25.Qh4 Ne7 26.Ne2 Rxa4 27.b3 Rb4 28.g4 Qg6 29.Qe1 Rb6
30.Rg1 Rd6 31.Qg3 h6 32.h4 Nc6 33.g5 fxg5 34.hxg5 Qh5+ 35.Kg2 Bg4 36.Rf2 Rg6
37.Kf1 Rxg5 38.Qh2 Bxe2+ 39.Bxe2 Qxh2 40.Rxh2 Rf8+ 41.Rf2 Rxf2+ 42.Kxf2 Rxg1
43.Kxg1 Nd4 44.Bd1 g6 45.Kf2 Kg7 46.b4 Kf6 47.c3 Nc6 48.Bg4 Ke7 49.Bc8 Nd8
50.Ke3 Kd6 51.Kf3 Kc6 52.Ke3 Kc7 53.Bg4 b6 54.Kd3 a5 55.bxa5 bxa5 56.Kc4 Kc6
57.Bd1 h5 58.Ba4+ Kd6 59.Be8 h4 60.Bxg6 h3 61.Bh5 h2 62.Bf3 Nc6 63.Kb5 Nd4+
64.cxd4 exd4 65.Kc4 Ke5 66.Kb3 Kf4 67.Bh1 d3 68.e5 Ke3 69.e6 d2 70.Kc2 Ke2
71.Bf3+ Kxf3 72.e7 d1=Q+  0-1

[Event "Rilton Cup op9394"]
[Site "Stockholm"]
[Date "1993.??.??"]
[Round "1"]
[White "Ostergaard, Dan"]
[Black "Bellon Lopez, Juan Manuel"]
[Result "0-1"]
[WhiteElo "2220"]
[BlackElo "2415"]

1.e4 c5 2.Nf3 e6 3.d4 cxd4 4.Nxd4 a6 5.Nc3 Qc7 6.g3 d6 7.Bg2 Bd7 8.O-O Nc6
9.Re1 Nxd4 10.Qxd4 Ne7 11.b3 Nc6 12.Qd2 Be7 13.Bb2 O-O 14.Rad1 Rac8 15.Nd5 exd5
16.exd5 Ne5 17.Bxe5 Qxc2 18.Qxc2 Rxc2 19.Bxg7 Re8 20.Bh6 Rxa2 21.Bf3 Bf8
22.Rxe8 Bxe8 23.Bf4 Rb2 24.Rc1 Rxb3 25.Bg4 Kg7 26.h4 h6 27.Rc8 Bb5 28.Be3 Rd3
29.Rc7 Rxd5 30.Be6 Rd1+ 31.Kh2 Be8 32.Bb3 Rb1 33.Bd4+ Kg8 34.Rxb7 Rh1+ 35.Kxh1 Bc6+
36.Kh2 Bxb7 37.g4 Bg7 38.Bb6 Be5+ 39.Kh3 Bc6 40.g5 Bd7+ 41.Kg2 hxg5 42.hxg5 Kg7
43.Bc4 Bb5 44.Bd5 Bc3 45.f4 a5 46.Bc7 Bb4 47.Bd8 a4 48.Bf6+ Kf8 49.Kf3 Bd3
50.Ke3 Bf5 51.Be4 Bxe4 52.Kxe4 a3 53.Kd3 Be1 54.Kc2 Bg3 55.Kb3 Bxf4 56.Kxa3 Be5
57.Bd8  0-1

[Event "Rilton Cup op9394"]
[Site "Stockholm"]
[Date "1993.??.??"]
[Round "1"]
[White "Bergstrom, Peter"]
[Black "Agrest, Evgenij"]
[Result "0-1"]
[WhiteElo "2270"]
[BlackElo "2465"]

1.e4 c5 2.Nf3 e6 3.d4 cxd4 4.Nxd4 a6 5.Nc3 d6 6.Be2 Nd7 7.O-O Ngf6 8.Be3 b5
9.a4 b4 10.Nc6 Qc7 11.Nxb4 d5 12.Nba2 dxe4 13.b4 Bd6 14.h3 O-O 15.Rb1 Be5
16.Rb3 Rd8 17.Qc1 Bb7 18.b5 Nc5 19.Rb4 axb5 20.axb5 Bd6 21.Qb1 Qe7 22.Rd4 Nd5
23.Nxd5 exd5 24.Rdd1 f5 25.c4 f4 26.Bxc5 Bxc5 27.cxd5 f3 28.Bc4 Qg5 29.g4 Qh4
30.d6+ Kh8 31.Kh2 Bxf2 32.Rxf2 Qxf2+ 33.Kh1 Qg2+  0-1

[Event "Rilton Cup op9394"]
[Site "Stockholm"]
[Date "1993.??.??"]
[Round "2"]
[White "Kulaots, Kaido"]
[Black "Akesson, Ralf"]
[Result "1-0"]
[WhiteElo "2330"]
[BlackElo "2465"]

1.e4 c5 2.Nf3 e6 3.d4 cxd4 4.Nxd4 a6 5.Nc3 d6 6.g3 Nf6 7.Bg2 Be7 8.O-O Qc7
9.Be3 O-O 10.h3 Nc6 11.Nxc6 bxc6 12.Na4 Bb7 13.c4 c5 14.Nc3 Nd7 15.f4 Bf6
16.Qd3 Nb8 17.Rad1 Rd8 18.g4 h6 19.Bf2 Nc6 20.h4 Qe7 21.g5 hxg5 22.hxg5 Bxc3
23.bxc3 e5 24.f5 Qxg5 25.Be3 Qg4 26.Kf2 Ne7 27.Rg1 Kf8 28.Bf3 Qh4+ 29.Rg3 Nxf5
30.exf5 e4 31.Qb1 exf3 32.Rh1 Qe4 33.f6 Ke8 34.Rxg7 Qxb1 35.Rxb1 Rab8 36.Bf4 Kd7
37.Rxf7+ Kc8 38.Re7 Rd7 39.f7  1-0

[Event "Rilton Cup op9394"]
[Site "Stockholm"]
[Date "1993.??.??"]
[Round "5"]
[White "Bergstrom, Peter"]
[Black "Sjoberg, Mats"]
[Result "0-1"]
[WhiteElo "2270"]
[BlackElo "2475"]

1.e4 c5 2.Nf3 e6 3.d4 cxd4 4.Nxd4 a6 5.Nc3 Qc7 6.Be2 Nf6 7.O-O Nc6 8.Be3 Bb4
9.f3 O-O 10.Kh1 Re8 11.Na4 b5 12.Nxc6 Qxc6 13.Nb6 Rb8 14.Nxc8 Rexc8 15.Bd3 d5
16.Qe2 Bd6 17.Bg5 dxe4 18.fxe4 Be5 19.Bxf6 gxf6 20.Rf3 Bxb2 21.Raf1 Be5 22.Rh3 Qc3
23.Qg4+ Kf8 24.Rxh7 Ke7 25.Qh5 Rf8 26.g4 Qd2 27.Qh3 Rg8 28.Qf3 Rh8 29.Rh3 Rbg8
30.c4 Rd8 31.Bb1 bxc4 32.g5 Qxg5 33.Rxh8 Rxh8 34.h3 c3 35.Bc2 Qd2 36.Qg2 Qe3
37.Rf3 Qe1+ 38.Rf1 Qh4 39.Rf3 Rh5 40.Qf1 Qg5 41.Rd3 Rh4 42.Qf2 Kf8 43.Rf3 Qc1+
44.Kg2 Rh6  0-1

[Event "FRM-ch"]
[Site "Struga"]
[Date "1993.??.??"]
[Round "7"]
[White "Nedev, Trajce"]
[Black "Sofrevski, Jovan"]
[Result "1/2-1/2"]
[WhiteElo "2230"]
[BlackElo "2415"]

1.e4 c5 2.Nf3 e6 3.d4 cxd4 4.Nxd4 a6 5.Nc3 Qc7 6.Be2 b5 7.a3 Bb7 8.O-O Nf6
9.Bf3 d6 10.g4 Nc6 11.g5 Nd7 12.Bg2 Be7 13.Nde2 O-O  1/2-1/2

[Event "SWZ-ch"]
[Site "?"]
[Date "1993.??.??"]
[Round "?"]
[White "Landenbergue, Claude"]
[Black "Nemet, Ivan"]
[Result "0-1"]
[WhiteElo "2405"]
[BlackElo "2410"]

1.e4 c5 2.Nf3 e6 3.d4 cxd4 4.Nxd4 a6 5.Nc3 Qc7 6.Be2 Nf6 7.O-O Be7 8.f4 d6
9.Kh1 O-O 10.Bf3 Nc6 11.a4 Re8 12.Nb3 b6 13.g4 Bb7 14.g5 Nd7 15.Bg2 Nb4 16.Be3 Bf8
17.Nd4 g6 18.Qd2 e5 19.Nde2 exf4 20.Bxf4 Ne5 21.b3 Rac8 22.Rac1 Bg7 23.Nd5 Bxd5
24.Qxb4 Nc6 25.Qxd6 Qxd6 26.Bxd6 Bxe4 27.Ng3 Bxg2+ 28.Kxg2 Nd4 29.Rf2 h5
30.h4 Rc6 31.Ba3 Be5 32.Ne4 Nf5 33.Re2 Ree6 34.Kh3 Nd4 35.Rf2 Bg7 36.Nf6+ Bxf6
37.gxf6 Ne2 38.Rd1 Rxc2 39.Rd8+ Kh7 40.Be7 Nf4+ 41.Kg3 Ne2+ 42.Kg2 Re3 43.Bd6 Rd3
44.Kh2 Rd4 45.Rd7 Rxh4+ 46.Kg2 Nf4+ 47.Kf3 Rc3+ 48.Ke4 Ne6+ 49.Ke5 Kh6 50.Re2 Nf4
51.Bf8+ Kg5 52.Red2 Re3+ 53.Kd6 Re6+ 54.Kc7 Kxf6 55.Bd6 b5 56.a5 Ne2 57.Bc5 Rhe4
58.Bb6 h4 59.Rd1 h3 60.Kb7 g5 61.Kxa6 h2 62.Rh1 Rh4 63.Kb7 Ng3 64.Ra1 h1=Q+
65.Rxh1 Rxh1 66.a6 Nf5 67.b4 Nd6+ 68.Kb8 Rh8+ 69.Bd8+ Rxd8+ 70.Rxd8 Nc4 71.a7 Nb6
72.Kc7 Ke5 73.Rd1 Rg6 74.Rc1 g4 75.Rc5+ Kd4 76.Rxb5 Na8+ 77.Kb7 Rg8  0-1